<?xml version="1.0" encoding="UTF-8"?>
<record
    xmlns:xsi="http://www.w3.org/2001/XMLSchema-instance"
    xsi:schemaLocation="http://www.loc.gov/MARC21/slim http://www.loc.gov/standards/marcxml/schema/MARC21slim.xsd"
    xmlns="http://www.loc.gov/MARC21/slim">

  <leader>00769nam a2200205 a 4500</leader>
  <controlfield tag="001">1281</controlfield>
  <controlfield tag="003">BR-CuiBMT</controlfield>
  <controlfield tag="005">20231204154158.0</controlfield>
  <controlfield tag="008">230711s1993    ptba          000 0 por d</controlfield>
  <datafield tag="040" ind1=" " ind2=" ">
    <subfield code="a">BR-CuiBMT</subfield>
    <subfield code="c">BR-CuiBMT</subfield>
  </datafield>
  <datafield tag="080" ind1=" " ind2=" ">
    <subfield code="a">351.94:336.148</subfield>
    <subfield code="x">(469)</subfield>
    <subfield code="2">2007</subfield>
  </datafield>
  <datafield tag="090" ind1=" " ind2=" ">
    <subfield code="a">351.94:336.148(469)</subfield>
    <subfield code="b">C116f</subfield>
  </datafield>
  <datafield tag="100" ind1="1" ind2=" ">
    <subfield code="a">Cabo, S&#xE9;rgio Gon&#xE7;alves do</subfield>
  </datafield>
  <datafield tag="245" ind1="1" ind2="2">
    <subfield code="a">A fiscaliza&#xE7;&#xE3;o financeira do sector empresarial do estado por tribunais de contas ou institui&#xE7;&#xF5;es equivalentes :</subfield>
    <subfield code="b">estudo de direito portugu&#xEA;s e de direito comparado /</subfield>
    <subfield code="c">S&#xE9;rgio Gon&#xE7;alves do Cabo.</subfield>
  </datafield>
  <datafield tag="260" ind1=" " ind2=" ">
    <subfield code="a">Lisboa, Portugal :</subfield>
    <subfield code="b">Tribunal de Contas,</subfield>
    <subfield code="c">1993.</subfield>
  </datafield>
  <datafield tag="300" ind1=" " ind2=" ">
    <subfield code="a">649 p. :</subfield>
    <subfield code="c">21 cm</subfield>
  </datafield>
  <datafield tag="650" ind1=" " ind2=" ">
    <subfield code="a">Tribunal de contas</subfield>
    <subfield code="z">Portugal</subfield>
  </datafield>
  <datafield tag="650" ind1=" " ind2=" ">
    <subfield code="a">Controle financeiro</subfield>
    <subfield code="z">Portugal</subfield>
  </datafield>
  <datafield tag="942" ind1=" " ind2=" ">
    <subfield code="2">udc</subfield>
    <subfield code="c">LV</subfield>
  </datafield>
  <datafield tag="952" ind1=" " ind2=" ">
    <subfield code="0">0</subfield>
    <subfield code="1">0</subfield>
    <subfield code="2">udc</subfield>
    <subfield code="4">0</subfield>
    <subfield code="7">0</subfield>
    <subfield code="a">BIBTCEMT</subfield>
    <subfield code="b">BIBTCEMT</subfield>
    <subfield code="d">2008-09-23</subfield>
    <subfield code="l">0</subfield>
    <subfield code="o">351.94:336.148(469) C116f</subfield>
    <subfield code="p">BIBTCEMT23120105</subfield>
    <subfield code="r">2023-12-04</subfield>
    <subfield code="t">Ex. 1</subfield>
    <subfield code="w">2023-12-04</subfield>
    <subfield code="y">LV</subfield>
  </datafield>
  <datafield tag="999" ind1=" " ind2=" ">
    <subfield code="c">1281</subfield>
    <subfield code="d">1281</subfield>
  </datafield>
</record>
